000 00568nam a2200205Ia 4500
003 GCL
008 140319s9999 xx 000 0 eng d
040 _aGCL /
_cGCL
082 0 4 _a720.92
_bM J
100 1 _aMAXWELL, ROBERT
245 1 0 _aJAMES STIRLING MICHAEL WILFORD AND ASSOCIATES:BUILDINDS AND PROJECTS 1975-1992 /
_cMAXWELL, ROBERT
260 _a[S.N] :
_bTHAMES AND HUDSON ،
_c1994
300 _a306
650 0 4 _aPROJECTS
650 0 4 _aBUILDING
650 0 4 _aARCHITECTS
650 0 4 _aSTIRLING, JAMES
650 0 4 _aWILFORD, MICHAEL
942 _2ddc
_cBK
999 _c24328
_d24328